Cryptology and computational number theory
Αποθηκεύτηκε σε:
| Άλλοι συγγραφείς: | , |
|---|---|
| Μορφή: | Βιβλίο |
| Γλώσσα: | English |
| Δημοσίευση: |
Providence, Rhode island :
American Mathematical Society,
c1990
|
| Σειρά: | Proceedings of symposia in applied mathematics ;
; 42 Proceedings of symposia in applied mathematics. AMS short course lecture notes |
| Θέματα: | |
| Ετικέτες: |
Προσθήκη ετικέτας
Δεν υπάρχουν, Καταχωρήστε ετικέτα πρώτοι!
|
MARC
| LEADER | 00000nam a2200000 i 4500 | ||
|---|---|---|---|
| 001 | 1/99794 | ||
| 008 | 000310s1990 eng d | ||
| 020 | |a 0-8218-0155-4 | ||
| 035 | |l 10057024 | ||
| 040 | |a GR-MY-UA |b gre |e aacr | ||
| 041 | 0 | |a eng | |
| 082 | 0 | |a 005.8 | |
| 245 | 1 | 0 | |a Cryptology and computational number theory / |c Carl Pomerance, editor ; [contributors] Shafi Goldwasser...[et.al.] |
| 260 | |a Providence, Rhode island : |b American Mathematical Society, |c c1990 | ||
| 300 | |a xi, 171 p.; |c 26 cm. | ||
| 490 | 1 | |a Proceedings of symposia in applied mathematics. AMS short course lecture notes |v ; 42 | |
| 490 | 1 | |a Proceedings of symposia in applied mathematics | |
| 500 | |a Lecture notes prepared for the American Mathematical Society short course, Cryptology and computational number theory, held in Boulder, Colorado, August 6-7, 1989 | ||
| 504 | |a Includes bibliographical references and index | ||
| 650 | 0 | 0 | |a Computers |x Access control |x Congresses. |
| 650 | 0 | 0 | |a Number theory |x Congresses. |
| 650 | 0 | 0 | |a Cryptography |x Congresses. |
| 700 | 1 | |a Goldwasser, S. |q (Shafi) |d 1958- |4 edt | |
| 700 | 1 | |a Pomerance, Carl. |4 edt | |
| 830 | 0 | |a Proceedings of symposia in applied mathematics ; |v ; 42 | |
| 830 | 0 | |a Proceedings of symposia in applied mathematics. AMS short course lecture notes | |
| 852 | |a INST |b SAMOS |e 20000310 |h 005.8 CRY |p 005300015072 |q 005300015072 |t BK |y 0 | ||
| 901 | |a BIBL3-2000-1 | ||
| 909 | |a Σ |b 073248 | ||
| 922 | |a 3ΕΛΗ |b 199912 |c ΚΠΣ |d GLORY | ||
| 950 | |a 116-1998-08-10 | ||
| 970 | |a ΓΕΝΟΥΖΟΥ |b ΧΡΥΣΑΝΘΗ |z 2000/03/10 | ||